00311nam a2200109Ia 4500008004100000245009300041260002000134260000900154300000900163500001600172650001300188170224s9999 xx 000 0 und d aBenchmarking and gap analysis of faculty mentorship priorities and how well they are met bNursing Outlook c2016 a64:4 aJuly-August xNursing.